000 00704nam a2200193Ia 4500
003 OSt
005 20250301092749.0
008 210210b1971 xxu||||| |||| 00| 0 eng d
040 _cAL
082 _aH891.4 CHAN
100 _aCHATURVEDI (Banarsidas)
_9203118
110 _bचतुर्वेदी बनारसीदास
_9203119
245 _aNilkant Gorki aur pragatisheel lekhakon ka muky kartavy:
_bनीलकांत घोरकी और प्रगतिशील लेखकों का मुख्य कर्त्तव्य
260 _aAgra
_bChaturvedi Prakashan Samiti
_c1971
300 _a62
690 _aHindi Prose
_9203120
906 _a029247
942 _2ddc
_cBK
999 _c80468
_d80468